000 00565nam a2200181Ia 4500
008 090123s9999 xx 000 0 und d
082 _b15323
100 _aशर्मा परशुराम
245 _aखजानेकी तलाश
250 _a1
260 _bपुजा पॉकेट बुक्स
300 _a176
600 _aशर्मा परशुराम
630 _aखजानेकी तलाश
700 _aशर्मा परशुराम
730 _aखजानेकी तलाश
942 _cBOOK
999 _c53384
_d53384